000 00452nam a2200181Ia 4500
001 2273
005 20260306143830.0
008 260306t1979||||xx |||||||||||||| ||spa||
041 _aESP
082 _a349.851
_bE78
100 _aEscobedo Mansilla, Ronald
_eAUT
245 0 _aEl tributo indígena en el Perú siglos XVI y XVII
260 _c1979
300 _a354 páginas :
_c21 cm.
650 _aGEN
654 _aCDE
942 _cLIB
_dJUS
_fJUS
_2ddc
_n
999 _c2273
_d2273